Statistics for Countries of North America in estonian with a map

Click here to take the quiz!

General Stats

  • This quiz has been taken 55 times
  • The average score is 11 of 23

Answers on the Map

Answers color-coded by a green-red scale on the quiz's map according to % correct below.
 

Answer Stats

Country% Correct
Kanada
100%
Ameerika Ühendriigid
72%
Kuuba
70%
Panama
64%
Mehhiko
62%
Nicaragua
57%
El Salvador
55%
Guatemala
55%
Bahamas
53%
Belize
53%
Haiti
53%
Costa Rica
51%
Honduras
51%
Jamaica
49%
Dominica
45%
Trinidad ja Tobago
43%
Antigua ja Barbuda
40%
Grenada
32%
Barbados
30%
Dominikaani Vabariik
30%
Saint Vincent ja Grenadiinid
28%
Saint Lucia
26%
Saint Kitts ja Nevis
23%

Score Distribution

Percentile by Number Answered

Percent of People with Each Score

Your Score History

You have not taken this quiz